00765 2200289 4500001002100000005001500021035002000036007000300056008004100059040001700100100001800117245004900135250001200184300003400196020001800230041000800248082000800256084001400264090001900278260003700297650001400334700004100348700003200389850001000421990002200431990002200453INLIS00000000000357520260530115807 a0010-0621000107ta260530 0  aSBPUPADbind1 aBurnie, David1 aJendela Kehidupan: Kehidupan /cDavid Burnie aCet. 2. a64 hlm. :billus. ;c27,5 cm. a979-666-106-3 aind a600 a600 BUR j a600 BUR j 15-7 ajakarta :bBalai Pustaka,c2000. 4akehidupan0 apenerjemahl: Astrid Ratna Tanuwinata0 apenyunting: Edlina H. Eddin aPUPAD a1030/H/ARPUS/2007 a1032/H/ARPUS/2007